Texture analysis of the disperse structure of composite elastomers with a modified carbon filler; Russian Physics Journal; Vol. 45, iss. 2
| Parent link: | Russian Physics Journal Vol. 45, iss. 2.— 2002.— [С. 185-189] |
|---|---|
| Autor principal: | |
| Altres autors: | , |
| Sumari: | Title screen Specific features in the formation of current-conducting grating chain structures in elastomers attendant to changes in the surface properties of the filler are studied by the methods of texture analysis. It is demonstrated that the entropy of the texture parameter, being a quantitative measure of the topological features of the spatial carbon-black grating, can be used to estimate indirectly the resistance properties of the newly produced material. Режим доступа: по договору с организацией-держателем ресурса |
| Idioma: | anglès |
| Publicat: |
2002
|
| Matèries: | |
| Accés en línia: | http://dx.doi.org/10.1023/A:1019660100085 |
| Format: | MixedMaterials Electrònic Capítol de llibre |
| KOHA link: | https://koha.lib.tpu.ru/cgi-bin/koha/opac-detail.pl?biblionumber=655611 |
MARC
| LEADER | 00000naa0a2200000 4500 | ||
|---|---|---|---|
| 001 | 655611 | ||
| 005 | 20250321161743.0 | ||
| 035 | |a (RuTPU)RU\TPU\network\21853 | ||
| 035 | |a RU\TPU\network\1681 | ||
| 090 | |a 655611 | ||
| 100 | |a 20170918d2002 k||y0rusy50 ba | ||
| 101 | 0 | |a eng | |
| 102 | |a US | ||
| 135 | |a drnn ---uucaa | ||
| 181 | 0 | |a i | |
| 182 | 0 | |a b | |
| 200 | 1 | |a Texture analysis of the disperse structure of composite elastomers with a modified carbon filler |f N. N. Minakova, S. A. Karpov, V. Ya. Ushakov | |
| 203 | |a Text |c electronic | ||
| 300 | |a Title screen | ||
| 320 | |a [Ref.: p. 189 (8 tit.)] | ||
| 330 | |a Specific features in the formation of current-conducting grating chain structures in elastomers attendant to changes in the surface properties of the filler are studied by the methods of texture analysis. It is demonstrated that the entropy of the texture parameter, being a quantitative measure of the topological features of the spatial carbon-black grating, can be used to estimate indirectly the resistance properties of the newly produced material. | ||
| 333 | |a Режим доступа: по договору с организацией-держателем ресурса | ||
| 461 | |t Russian Physics Journal | ||
| 463 | |t Vol. 45, iss. 2 |v [С. 185-189] |d 2002 | ||
| 610 | 1 | |a электронный ресурс | |
| 610 | 1 | |a труды учёных ТПУ | |
| 610 | 1 | |a текстурный анализ | |
| 610 | 1 | |a эластомеры | |
| 610 | 1 | |a свойства | |
| 610 | 1 | |a энтропия | |
| 610 | 1 | |a оценка | |
| 610 | 1 | |a формирование | |
| 700 | 1 | |a Minakova |b N. N. | |
| 701 | 1 | |a Karpov |b S. A. | |
| 701 | 1 | |a Ushakov |b V. Ya. |c specialist in the field of electric power engineering |c Professor of Tomsk Polytechnic University, Doctor of technical sciences |f 1939- |g Vasily Yakovlevich |3 (RuTPU)RU\TPU\pers\29718 |9 14212 | |
| 801 | 2 | |a RU |b 63413507 |c 20170918 |g RCR | |
| 856 | 4 | |u http://dx.doi.org/10.1023/A:1019660100085 | |
| 942 | |c CF | ||